| 000 | 01296cam a22002775a 4500 | ||
|---|---|---|---|
| 003 | OSt | ||
| 005 | 20201124141924.0 | ||
| 008 | 100704s1967 ua frb 00010 ara d | ||
| 040 |
_aEG-ScBUE _bara _dEG-ScBUE |
||
| 082 | 0 | 4 |
_a190 _bر س ل _222 |
| 245 | 1 | 0 |
_aتاريخ الفلسفة الغربية / _cتأليف برتراند رسل؛ ترجمة زكى نجيب محمود؛ راجعه أحمد أمين |
| 250 | _aط 2. | ||
| 260 |
_aالقاهرة: _bمطبعة لجنة التأليف والترجمة والنشر، _c1967. |
||
| 300 |
_a3 مج ؛ _c25 سم. |
||
| 504 | _aيشتمل على ارجاعات ببليوجرافية. | ||
| 505 | _a المحتويات: الكتاب الأول. الفلسفة القديمة -- الكتاب الثاني. الفلسفة الكاثوليكية -- الكتاب الثالث. الفلسفة الحديثة. | ||
| 541 |
_aألف باء ؛ _cشراء ؛ |
||
| 590 | _areham yahia doaa mohamed | ||
| 650 |
_915104 _aالفلسفة الغربية _2BUEsh |
||
| 650 |
_915855 _aالفلسفة الغربية القديمة _2BUEsh |
||
| 651 | _2BUEsh | ||
| 653 |
_bARALIT _cAugust2015 |
||
| 700 |
_aمحمود , زكى نجيب. _98634 _eمترجم |
||
| 700 |
_aأمين, أحمد. _98691 _eمراجع |
||
| 942 |
_2ddc _cBB _k190 ر س ل |
||
| 999 |
_c14371 _d14371 |
||